| 000 | 00892nam a22002417a 4500 | ||
|---|---|---|---|
| 005 | 20120910141053.0 | ||
| 008 | 120910t xxu||||| |||| 00| 0 eng d | ||
| 010 | _aENG-105830 | ||
| 020 |
_a9789381144138 _c375.00 |
||
| 035 | _aEN-89363 | ||
| 037 | _bDBAD/PUB | ||
| 040 |
_aDPL _bEnglish |
||
| 082 | _a344.540153 | ||
| 100 | _952124 | ||
| 245 |
_aContract labour in India : _cedited by K.R. Shyam Sundar _bissues and perspectives / |
||
| 260 |
_aNew Delhi _bDaanish Books _c2012 |
||
| 270 |
_aC-502, Taj Apartments, Gazipur _bNew Delhi _e110096 _mdaanishbooks@gmail.com |
||
| 300 |
_ax,164p. _c22cm(Hb) |
||
| 500 | _aIncludes index | ||
| 700 |
_aShyam Sundar, K.R. _952127 |
||
| 942 |
_2ddc _cEN _mCON _h344.540153 |
||
| 999 |
_c69835 _d69835 |
||